Statistics for 11 Major U.S. Cities Drive Times Quiz

Click here to take the quiz!

General Stats

  • This quiz has been taken 14 times
  • The average score is 3 of 9

Answer Stats

QuestionAnswer% Correct
Which of these cities is the shortest drive from Chicago?All about the same
57%
What is the shortest road distance between any of these two cities?NYC and Philly
57%
Which of these trips takes the longest?Miami and Houston
50%
Which city is the closest drive from Atlanta?Miami
43%
Which of these trips takes the shortest amount of time?Dallas and Houston
29%
How long is that trip?2 hr
21%
Which of these trips takes the longest?Dallas and SF
21%
How long are those trips each?11 hr
14%
How long is that trip?9 hr 30 min
14%

Score Distribution

Percentile by Number Answered

Percent of People with Each Score

Your Score History

You have not taken this quiz